01166cam a22003257a 4500003000500000005001700005008004100022010000900063011000900072035000900081040000900090090001000099100003400109245007700143260004000220300001100260502009900271590003700370590004100407590004100448590004100489590004200530650003200572650003600604901000700640942001000647949004100657999001500698952012700713CHAP20220329133556.0971013s1993 r 00010 d a8086 a9058 a8292 cCHAP aTesis00aDurán Ferman, Pedro.93467513aEl cultivo del maíz en el Estado de Méxicob: tendencias y problemas aChapingo, Méx. :bEl autor,c1993 a102 h. aTesis (Ing. Agr. Esp. en Economía Agrícola) -- UACH. Departamento de Economía Agrícola aALEPHb10c20130110lUCH01h1221 aBATCH-UPDb10c20130110lUCH01h1920 aBATCH-UPDb10c20130410lUCH01h1246 aBATCH-UPDb10c20130914lUCH01h1225 aCONVERSIONb10c20130109lUCH01h130514aMaízxRendimiento.97105114aMaízzMéxico (Edo.).971099 aBK cTESIS bBCcTESd-18465eTS1h26161i8292si c8086d8086 00102local4051708TESISaBCbBCcPA_TESISd2019-12-31fTESISl0oTesisp-18465r2019-12-31 00:00:00w2019-12-31yTESIS